| 000 | 00424pab a2200169 454500 | ||
|---|---|---|---|
| 008 | 180718b2012 xxu||||| |||| 00| 0 eng d | ||
| 100 | _aBajpai, A.D.N. | ||
| 245 | _aTraditional ecological knowledge for sustainable subsistence | ||
| 260 | _c2012 | ||
| 300 | _ap.7-12,22. | ||
| 362 | _a27 Feb | ||
| 650 | _aTraditional cultures | ||
| 700 | _aBansal, S.P. | ||
| 773 | _aUniversity News | ||
| 908 | _aN | ||
| 909 | _a95173 | ||
| 999 |
_c95173 _d95173 |
||